Semblanza de una labor periodística / (Registro nro. 26411)
[ vista simple ]
| 000 -CABECERA | |
|---|---|
| campo de control de longitud fija | 00956nam a2200181 a 4500 |
| 001 - NÚMERO DE CONTROL | |
| campo de control | 000026919 |
| 005 - FECHA Y HORA DE LA ÚLTIMA TRANSACCIÓN | |
| campo de control | 20260305073951.0 |
| 008 - DATOS DE LONGITUD FIJA--INFORMACIÓN GENERAL | |
| campo de control de longitud fija | 110328s1986 dr 000 0 spa d |
| 040 ## - FUENTE DE LA CATALOGACIÓN | |
| Centro catalogador/agencia de origen | DO-SdBNP |
| Lengua de catalogación | spa |
| Centro/agencia transcriptor | BNPHU |
| 082 ## - NÚMERO DE LA CLASIFICACIÓN DECIMAL DEWEY | |
| Número de clasificación | xxx |
| Número de documento/Ítem | S471l |
| 049 ## - FONDOS LOCALES (OCLC) | |
| Fondos de biblioteca | BNPD |
| 245 01 - MENCIÓN DE TÍTULO | |
| Título | Semblanza de una labor periodística / |
| Mención de responsabilidad, etc. | introducción Frank Moya Pons. |
| 260 ## - PUBLICACIÓN, DISTRIBUCIÓN, ETC. | |
| Fecha de publicación, distribución, etc. | [1986?]. |
| Nombre del editor, distribuidor, etc. | CENAPEC, |
| Fecha de publicación, distribución, etc. | [1986. |
| 300 ## - DESCRIPCIÓN FÍSICA | |
| Extensión | 214 p. ; |
| Dimensiones | 22 cm. |
| 505 0# - NOTA DE CONTENIDO CON FORMATO | |
| Nota de contenido con formato | Presentación del Premio APEC al Periodismo ¨José Ramón López¨-- Dr. Rafael Molina Morillo Presidente del Consejo Nacional del Premio -- Palabras de agradecimiento del Dr. Germán E. Ornes Coiscou, al recibir el Premio APEC al Periodismo ¨José Ramón López¨ 1986 -- La alimentación y las razas -- Ensayo por José Ramón López -- La paz en la República Dominicana -- Ensayo por Ramón López. |
| 586 ## - NOTA DE PREMIOS | |
| Nota de premios | Premio APEC al periodismo ¨José Ramón López¨ 1986. |
| 700 1# - PUNTO DE ACCESO ADICIONAL--NOMBRE DE PERSONA | |
| Nombre de persona | Moya Pons, Frank, |
| Fechas asociadas al nombre | 1944- |
| Término indicativo de función/relación | introd. |
| 9 (RLIN) | 2095 |
| Estado de retiro | Estado de pérdida | Restricciones de uso | No para préstamo | Código de colección | Localización permanente | Ubicación/localización actual | Ubicación en estantería | Fecha de adquisición | Número de inventario | Total de préstamos | Signatura topográfica completa | Código de barras | Fecha visto por última vez | Precio válido a partir de | Tipo de ítem Koha |
|---|---|---|---|---|---|---|---|---|---|---|---|---|---|---|---|
| Patrimonio Dominicano | Patrimonio Dominicano | Patrimonio Dominicano | En catalogación | 28.03.2011 | LF1 | xxx S471l | 26919-10 | 25.06.2020 | 25.06.2020 | Libro y Folleto Colección Patrimonio Dominicano |
